Fazendo meu filme: Fani na terra da rainha (Record no. 120661)

MARC details
000 -LÍDER
campo de controle de tamanho fixo 01876 a2200253 4500
001 - NÚMERO DE CONTROLE
campo de controle 120661
020 ## - ISBN - INTERNATIONAL STANDARD BOOK NUMBER
ISBN - International Standard Book Number 9788582356111
040 ## - FONTE DA CATALOGAÇÃO
Instituição que transcreveu o registro Escola Canadense de Niteroi
090 ## - NÚMERO DE CHAMADA LOCAL
Número de chamada (OCLC) (R); Número de chamada, CALL (RLIN) (NR) PIM
100 ## - ENTRADA PRINCIPAL--NOME PESSOAL
Nome pessoal Pimenta, Paula
245 10 - TÍTULO
Título Fazendo meu filme: Fani na terra da rainha
250 ## - EDIÇÃO
Edição 2.ed.
260 ## - PUBLICAÇÃO, DISTRIBUIÇÃO, ETC.
Local de publicação, distribuição, etc. São Paulo
300 ## - DESCRIÇÃO FÍSICA
Extensão 328 p.
Dimensões 1 x 14 x 2 cm
362 0# - DATAS DE PUBLICAÇÃO E/OU DESIGNAÇÃO SEQUENCIAL
Datas de publicação e/ou designação sequencial 2022
490 0# - TÍTULO DA SÉRIE
Título da série Fazendo meu filme
520 ## - NOTA DE RESUMO, ETC
Resumo, etc. Depois de conquistar milhares de leitores e leitoras, a nossa doce e querida Fani volta ainda mais divertida e encantadora. O segundo volume do livro Fazendo meu filme apresenta as aventuras de Estefânia Castelino Belluz na terra da rainha. Sim, na Inglaterra! Longe do grande amor, ela passa por momentos de alegria, dor, saudade, tristeza e, mais do que isso, pode conhecer melhor a si mesma. Sem deixar de lado suas amigas inseparáveis e sua família, ela consegue, no outro continente, viver momentos cheios de suspense, revelações, aventuras, descobertas e emoções fortíssimas! Feliz, triste, preocupada, ansiosa, temerosa, otimista, insegura, cheia de si, apaixonada, desiludida, seja como estiver, Fani mostra a cada página deste livro que não é mais aquela menina tão frágil que muitas vezes se escondia por trás de sua timidez.<br/>Mais do que a história de uma adolescente que se encoraja a fazer intercâmbio e morar fora por um ano, este livro fala de um grande e delicado amor. Em meio a uma avalanche de sentimentos e acontecimentos surpreendentes, ela consegue viver intensamente na Inglaterra, conhecendo pessoas que conquistam seu coração e sua amizade para toda a vida. Porém, o melhor filme de sua vida ainda está para ser contado, ou melhor, vivido…
650 #4 - ASSUNTO--TERMO TÓPICO
Cabeçalho tópico ou nome geográfico Literatura Infanto Juvenil
650 #4 - ASSUNTO--TERMO TÓPICO
Cabeçalho tópico ou nome geográfico Vida Escolar
650 #4 - ASSUNTO--TERMO TÓPICO
Cabeçalho tópico ou nome geográfico Sonhos
650 #4 - ASSUNTO--TERMO TÓPICO
Cabeçalho tópico ou nome geográfico Amizade
650 #4 - ASSUNTO--TERMO TÓPICO
Cabeçalho tópico ou nome geográfico Vida Adolescente
942 ## - ELEMENTOS DE ENTRADA ADICIONADOS (KOHA)
Tipo de material Koha Livros
Holdings
Situação do descarte Situação das perdas Situação física Não pode ser emprestado Biblioteca de origem Biblioteca atual Data de aquisição Total de empréstimos Número de chamada completo Código de barras Data de último acesso Data do último empréstimo Data do preço efetivo Tipo de material Koha Fonte da classificação ou esquema de arquivamento na estante Nota pública
        Canadian School of Niterói - Piratininga Canadian School of Niterói - Piratininga 09/02/2024 2 PIM A29633 10/04/2024 09/04/2024 09/02/2024 Livros    
        Novo Tempo - Aureliano São José Novo Tempo - Aureliano São José 16/05/2024     nt585 16/05/2024   16/05/2024 Livros Classificação Decimal de Dewey estante red